000
00238nam a2200109Ia 4500
008
190216s9999||||xx |||||||||||||| ||und||
100
_a
Prabhakarn
245
0
_a
Janthu Janam
260
_b
Nayana Books
650
_a
Malayalam
942
_c
BK
999
_c
26564
_d
26564